000 00414nam a2200193Ia 4500
005 20250603144754.0
008 250603s9999 xx 000 0 und d
020 _a9781119517207
050 _aKF1263. C65. K67/
100 _aKosseff Jeff
245 0 _aCybersecurity law
250 _a2nd edi.
260 _aUSA
260 _bWiley
260 _c2020
300 _a725 p
650 _aUSA
942 _cBK
999 _c39902
_d39902